000 00808cam a22001935a 4500
001 ##J100668
008 000000s1909 000 0 eng u
035 _a(Sirsi) u100668
041 0 _aeng
050 0 4 _a333.062 $2 18
110 2 _aAuctioneers' Institute of the United Kingdom
_93785
245 0 0 _aExamination questions
_bintermediate 1901, 1906-1909
260 _aLondon
_bAuctioneers' Institute of the United Kingdom
_c1909
300 _a1
_fv
_b13 folded leaves of plates
_c22cm.
520 _aIntermediate examinations on book-keeping; mensuration; the use of valuation tables; land surveying; measurement and valuation of dilapidations, and estate accounts for the years 1901-1909.
651 4 _aGreat Britain
_y1707-
690 _aCAREERS, EDUCATION AND TRAINING-QUALIFICATION ROUTES
942 _n0
999 _c99745
_d99745